000 00879nam a2200241 4500
001 5953
010 _a85.326.0360-2
090 _a5953
100 _a20211231d1991 m||y0pory5003 ba
200 1 _aA dinâmica do inconsciente
_fC. G.Jung
_gtrad. Mateus Ramalho Rocha
205 _a2ª ed.
210 _aPetrópolis
_cVozes
_d1991
215 _a588 p.
225 2 _aObras completas de C. G. Jung
_v8
304 _aTít. orig.: Die dynamik des unbewussten
330 _a"A Dinâmica do Inconsciente" é uma orientação em profundidade sobre o desenvolvimento e concepção teórica dos conceitos empíricos comuns sobre a Psicologia Analítica.
606 _9579
_aPsicologia
675 _a159.96
_vBN
_zpor
700 _aJung
_bCarl Gustav
_f1875-1961
_94312
702 _aRocha
_bMateus Ramalho
_95638
_f1925-1999
801 0 _aPT
_bBMVN
_gRPC
830 _cInês Silva
_d31/12/2021
990 _cLIVROS